000 02038cam a2200553 i 4500
001 xx004713800
003 NUKAT
005 20260416131407.0
008 191003s2019 pl a g |000 0 pol c
020 _a9788395417047
035 _a(OCoLC)1126642220
035 _a(NUKAT)xx004713800
040 _aSIEDL 001/WS
_bpol
_erda
_cSIEDL 001/WS
_dGD U/Doros
045 2 _bd1939
_bd1941
046 _k2019
100 1 _aZechenter, Anna
_d(1959- ).
_eAutor
_940168
245 1 0 _aZmowa 1939 :
_bpakt Stalin-Hitler /
_cAnna Zechenter.
250 _aWydanie II.
260 _aKraków :
_bInstytut Pamięci Narodowej - Komisja Ścigania Zbrodni przeciwko Narodowi Polskiemu,
_c2019.
300 _a111 stron :
_bilustracje ;
_c21 cm.
336 _aTekst
_btxt
_2rdacontent
337 _aBez urządzenia pośredniczącego
_bn
_2rdamedia
338 _aWolumin
_bnc
_2rdacarrier
380 _aKsiążki
380 _aPublikacje naukowe
388 1 _a2001-
500 _aBezpłatny dodatek do "Biuletynu IPN".
600 1 7 _aHitler, Adolf
_d(1889-1945)
_2DBN
_940171
600 1 7 _aMołotow, Wiaczesław
_d(1890-1986)
_2DBN
_940172
600 1 7 _aRibbentrop, Joachim von
_d(1893-1946)
_2DBN
_940173
600 1 7 _aStalin, Józef
_d(1878-1953)
_2DBN
_940174
648 7 _a1901-2000
_2DBN
_934996
648 7 _a1918-1939
_2DBN
_936041
648 7 _a1939-1945
_2DBN
_936042
650 7 _aII wojna światowa (1939-1945)
_2DBN
_935099
650 7 _aPakt Ribbentrop-Mołotow (1939)
_2DBN
_940175
650 7 _aPolityka międzynarodowa
_2DBN
_935770
650 7 _aTrzecia Rzesza (1933-1945)
_2DBN
_940162
650 7 _aPakt o nieagresji niemiecko-radziecki (1939).
_2kaba
_940176
651 7 _aEuropa
_2DBN
_935699
651 7 _aNiemcy
_2DBN
_935243
651 7 _aPolska
_2DBN
_935076
651 7 _aZSRR
_2DBN
_937200
655 7 _aOpracowanie
_2DBN
_935024
658 _aHistoria
710 2 _aInstytut Pamięci Narodowej - Komisja Ścigania Zbrodni przeciwko Narodowi Polskiemu.
_eWydawca
_4pbl
_911792
920 _a978-83-954170-4-7
942 _2ddc
_cBK_NM
999 _c27614
_d27614